Etnografía de Reus i la seva comarca (Record no. 141940)
[ view plain ]
| 000 -LEADER | |
|---|---|
| campo de control de longitud fija | 00843nam a2200229 i 4500 |
| 001 - NÚMERO DE CONTROL | |
| campo de control | 141940 |
| 003 - IDENTIFICADOR DE NÚMERO DE CONTROL | |
| campo de control | ES-MaACL |
| 005 - FECHA Y HORA DE LA ÚLTIMA TRANSACCIÓN | |
| campo de control | 20230906200414.0 |
| 007 - CAMPO FIJO DE DESCRIPCIÓN FÍSICA--INFORMACIÓN GENERAL | |
| campo de control de longitud fija | t| |
| 008 - DATOS DE LONGITUD FIJA--INFORMACIÓN GENERAL | |
| campo de control de longitud fija | 071001m19551958sp ||||1| cat d |
| 080 ## - NÚMERO DE LA CLASIFICACIÓN DECIMAL UNIVERSAL | |
| Número de la Clasificación Decimal Universal | 39(460.237 Reus) |
| 100 1# - ENTRADA PRINCIPAL--NOMBRE DE PERSONA | |
| Nombre de persona | Violant i Simorra, Ramon. |
| 9 (RLIN) | 115413 |
| 245 10 - MENCIÓN DEL TÍTULO | |
| Título | Etnografía de Reus i la seva comarca |
| Resto del título | : el camp, la conca de Barberá, el Priorat / |
| Mención de responsabilidad, etc. | Ramón Violant i Simorra ; dibuxos a la ploma de Ramón Noé i Hierro. |
| 260 ## - PUBLICACIÓN, DISTRIBUCIÓN, ETC. | |
| Lugar de publicación, distribución, etc. | Reus : |
| Nombre del editor, distribuidor, etc. | Asociación de estudios Reusenses, |
| Fecha de publicación, distribución, etc. | 1955-1958. |
| 300 ## - DESCRIPCIÓN FÍSICA | |
| Extensión | 5 v. ; |
| Dimensiones | 25 cm. |
| 490 1# - MENCIÓN DE SERIE | |
| Mención de serie | Ediciones "Rosa de Reus" ; |
| Designación de volumen o secuencia | 12, 15 y 17 |
| 651 #4 - PUNTO DE ACCESO ADICIONAL DE MATERIA--NOMBRE GEOGRÁFICO | |
| Nombre geográfico | Reus- |
| Subdivisión general | Usos y costumbres. |
| 9 (RLIN) | 9308 |
| 700 1# - ENTRADA AGREGADA--NOMBRE PERSONAL | |
| Nombre de persona | Noé i Hierro, Ramon. |
| 9 (RLIN) | 85821 |
| 830 0# - PUNTO DE ACCESO ADICIONAL DE SERIE-TÍTULO UNIFORME | |
| Título uniforme | Ediciones "Rosa de Reus" ; |
| Designación de volumen o secuencia | 12, 15 y 17 |
| 9 (RLIN) | 220456 |
| 852 ## - LOCALIZACIÓN | |
| Ubicación | ES-MaACL |
| Número de control de estantería | P-848 |
| Sublocalización o colección | R.39236 |
| Estatus retirado | Estado de pérdida | Estado de daño | No para préstamo | Biblioteca de origen | Biblioteca actual | Ubicación en estantería | Fecha de adquisición | Fuente de adquisición | Total de préstamos | Signatura topográfica completa | Código de barras | Visto por última vez | Precio de reemplazo | Tipo de ítem Koha |
|---|---|---|---|---|---|---|---|---|---|---|---|---|---|---|
| Biblioteca del Ateneo de Madrid | Biblioteca del Ateneo de Madrid | Depósito 2 | 17/01/2008 | P-848 | 1147691 | 23/02/2023 | 23/02/2023 | Libro impreso |
